La reforma universitaria: desafíos y perspectivas noventa años después /
El texto es un compendio de obras de diversas autoras y autores de América Latina, acerca de las implicaciones y el impacto de la Reforma Universitaria de Córdoba, en el desarrollo de las universidades públicas, así como la actualidad y los desafíos de la Reforma Universitaria en la región latinoame...
Tallennettuna:
| Muut tekijät: | , , |
|---|---|
| Aineistotyyppi: | Tuntematon |
| Kieli: | Spanish |
| Julkaistu: |
Argentina :
CLACSO
|
| Sarja: | Colección Grupos de Trabajo
|
| Aiheet: | |
| Tagit: |
Lisää tagi
Ei tageja, Lisää ensimmäinen tagi!
|
MARC
| LEADER | 00000 a2200000 04500 | ||
|---|---|---|---|
| 001 | 48138 | ||
| 003 | cru CIDCACS/IIS | ||
| 005 | 20200611062544.0 | ||
| 007 | ta | ||
| 008 | 050630s2008 ag spa d | ||
| 999 | |c 15292 |d 15292 | ||
| 020 | |a 978-987-1543-05-2 | ||
| 040 | |c cru CIDCACS/IIS | ||
| 090 | |a 0006 S125r | ||
| 100 | |a Sader, Emir, |e editor | ||
| 245 | |a La reforma universitaria: |b desafíos y perspectivas noventa años después / |c Emir Sader, Hugo Aboites, Pablo Gentili, editores | ||
| 260 | |a Argentina : |b CLACSO | ||
| 300 | |a 298 páginas : |b fotos | ||
| 440 | |a Colección Grupos de Trabajo | ||
| 520 | |a El texto es un compendio de obras de diversas autoras y autores de América Latina, acerca de las implicaciones y el impacto de la Reforma Universitaria de Córdoba, en el desarrollo de las universidades públicas, así como la actualidad y los desafíos de la Reforma Universitaria en la región latinoamericana y caribeña. Para el análisis de la Reforma Universitaria en América Latina, se establecen dos apartados: I. Actualidades y perspectivas de la Reforma Universitaria; y II. Las huellas de la Reforma. Finalmente, el texto cuenta con una compilación de fotografías sobre la Reforma de Córdoba en 1918, en Argentina. | ||
| 650 | 0 | |9 311 |a UNIVERSIDADES | |
| 650 | 0 | |9 1223 |a ADMINISTRACION UNIVERSITARIA | |
| 650 | 4 | |9 2644 |a INDEPENDENCIA | |
| 650 | 0 | |9 8012 |a AUTONOMIA ADMINISTRATIVA | |
| 650 | 0 | |a MOVIMIENTOS SOCIALES |9 3 | |
| 650 | 0 | |9 7492 |a REFORMAS DE LA EDUCACION | |
| 650 | 4 | |9 1930 |a INVESTIGACION | |
| 650 | 0 | |9 8013 |a LIBERTAD DE ENSEÑANZA | |
| 650 | 0 | |9 6117 |a LIBERTAD DE INFORMACION | |
| 650 | 0 | |9 3242 |a LIBERTAD DE OPINION | |
| 650 | 0 | |9 3372 |a INVESTIGACION Y DESARROLLO | |
| 650 | 0 | |9 4282 |a MOVIMIENTOS ESTUDIANTILES | |
| 650 | 0 | |9 8016 |a CORDOBA | |
| 651 | 0 | |9 17 |a AMERICA LATINA | |
| 700 | |a Aboites, Hugo, editor | ||
| 700 | |a Gentili, Pablo editor | ||
| 942 | |2 ddc |c LI | ||



